000
00229cam a2200085 4500
008
080611n 000 0 eng u
035
_a
(Sirsi) a155817
100
_a
SMITH D.M
245
_a
Crime rates as territorial social indicators
999
_c
105949
_d
105949